000 00342cam a22001217a 4500
008 180718b2012 xxu||||| |||| 00| 0 eng d
082 _aB7x5453 M421
100 _aMathew, Siby
245 _aKerala panchayat manual 2012
_cby Siby Mathew
260 _aKerala
_bKerala Law Times
_c2012
300 _a776p.
650 _aPanchayat -- India -- Kerala
999 _c502758
_d502758